[Event "AUTO-INT-3835"]
[Site "http://www.queenalice.com/game.php?id=1819033"]
[Date "2023.8.18"]
[Round "1"]
[White "Carlos19"]
[Black "a3035"]
[Result "1-0"]
[WhiteElo "1597"]
[BlackElo "1626"]

1. e4 e5 2. Bc4 Nf6 3. Nc3 Qe7 4. Nd5 Nxd5 5. exd5 Qc5 6. Qe2 Bd6 7. Nf3 O-O 8.
d3 b5 9. Bb3 f6 10. O-O Na6 11. c4 Be7 12. Nh4 d6 13. Be3 Qb4 14. Bd2 Qc5 15.
Be3 Qb4 16. h3 f5 17. Bd2 Qc5 18. a4 Bxh4 19. cxb5 Nb4 20. Bxb4 Qxb4 21. Qd1 f4
22. Qc2 Bd8 23. Qc6 Rb8 24. Qc3 Qxc3 25. bxc3 Bf5 26. Bc4 Bf6 27. a5 Bh4 28. a6
e4 29. dxe4 Bxe4 30. f3 Bf5 31. Rae1 Bxe1 32. Rxe1 Rf6 33. Re7 Rf7 34. Re2 Rf6
35. Bb3 Kf8 36. c4 g5 37. Ba2 Bd3 38. Rd2 Bg6 39. Re2 Re8 40. Rb2 h5 41. Kf2 Rf7
42. g3 fxg3+ 43. Kxg3 Rf4 44. Rf2 Bd3 45. h4 Rf5 46. hxg5 Rxg5+ 47. Kh4 Rf5 48.
f4 Re4 49. Bb3 Bxc4 50. Bc2 Bxd5 51. Bxe4 Bxe4 52. Rb2 Kf7 53. Rb4 Rxf4+ 54. Kg3
Rf3+ 55. Kg2 Bd5 56. Kh2 Kg6 57. Rb2 Rc3 58. Kg1 1-0

[Event "AUTO-INT-3835"]
[Site "http://www.queenalice.com/game.php?id=1819034"]
[Date "2023.8.18"]
[Round "1"]
[White "a3035"]
[Black "Carlos19"]
[Result "1-0"]
[WhiteElo "1650"]
[BlackElo "1614"]

1. e4 e5 2. Nc3 Bc5 3. Qf3 Nf6 4. Bc4 O-O 5. d3 a6 6. Be3 d6 7. h3 h6 8. O-O-O
Bxe3+ 9. Qxe3 b5 10. Bd5 Nxd5 11. Nxd5 Nc6 12. Nf3 b4 13. b3 a5 14. Nd2 Nd4 15.
Nf3 Nxf3 16. Qxf3 Be6 17. g4 Bxd5 18. exd5 a4 19. Kb2 Qd7 20. Kc1 axb3 21. axb3
Ra1+ 22. Kb2 Rxd1 23. Rxd1 f5 24. Rg1 f4 25. Ra1 g5 26. Qe4 Rb8 27. Qg6+ Qg7 28.
Qe4 Qf7 29. Ra4 Rb5 30. Qc4 Qxd5 31. Qxd5+ Kg7 32. Qxb5 1-0

[Event "AUTO-INT-3835"]
[Site "http://www.queenalice.com/game.php?id=1819047"]
[Date "2023.8.18"]
[Round "1"]
[White "a3035"]
[Black "ThiagoBrumN"]
[Result "0-1"]
[WhiteElo "1639"]
[BlackElo "1720"]

1. e4 e5 2. Nc3 Nf6 3. d3 Nc6 4. Nf3 Bb4 5. Bd2 O-O 6. Be3 Re8 7. d4 exd4 8.
Nxd4 Nxd4 9. Qxd4 Rxe4 10. Qd3 d5 11. O-O-O Bf5 12. Nxe4 Bxe4 13. Qb3 a5 14. a3
c5 15. a4 d4 16. f3 Bg6 17. c3 Qc7 18. Bd2 dxc3 19. Bxc3 Re8 20. h4 Bf5 21. Bc4
Qf4+ 22. Bd2 Bxd2+ 23. Rxd2 Rd8 24. Rd1 Nd7 25. Qb5 Ne5 26. Qxa5 Re8 27. Qc3
Nd3+ 28. Bxd3 Be6 29. Qxc5 Rc8 30. Qxc8+ Bxc8 31. Kb1 h6 32. Rc2 Bd7 33. Rdc1 g6
34. Rd1 Qxa4 35. Kc1 Qf4+ 36. Kb1 Qxh4 37. Bc4 Bf5 38. Bd3 Bxd3 39. Rxd3 Qh1+
40. Ka2 Qh5 41. Rb3 Qa5+ 42. Kb1 Qe1+ 43. Rc1 Qf2 44. Rxb7 Qxg2 45. f4 Qxb7 46.
Rc3 Qh1+ 47. Ka2 Qd5+ 0-1

[Event "AUTO-INT-3835"]
[Site "http://www.queenalice.com/game.php?id=1819048"]
[Date "2023.8.18"]
[Round "1"]
[White "ThiagoBrumN"]
[Black "a3035"]
[Result "0-1"]
[WhiteElo "1661"]
[BlackElo "1636"]

1. e4 e5 2. Nf3 Nc6 3. Nc3 Nf6 4. Bc4 Nd4 5. O-O Bc5 6. a3 c6 7. Ng5 d5 8. exd5
cxd5 9. Be2 Nxe2+ 10. Qxe2 O-O 11. d3 Bd7 12. Qxe5 Bc8 13. Qg3 Ng4 14. Be3 Bxe3
15. fxe3 Qxg5 16. h3 Qxe3+ 17. Kh1 Qxg3 18. hxg4 a6 19. Ne2 Qh4+ 20. Kg1 Bxg4
21. Rf4 Rae8 22. Nd4 Qg5 23. Rff1 Qe3+ 24. Kh1 Qxd4 25. Rab1 Be2 26. Rg1 Qh4#
0-1

[Event "AUTO-INT-3835"]
[Site "http://www.queenalice.com/game.php?id=1819049"]
[Date "2023.8.18"]
[Round "1"]
[White "a3035"]
[Black "altair"]
[Result "0-1"]
[WhiteElo "1665"]
[BlackElo "1686"]

1. e4 e5 2. Nc3 a6 3. Nf3 d6 4. Bc4 Nf6 5. O-O h6 6. d3 a5 7. d4 Be7 8. dxe5
dxe5 9. Nxe5 Qxd1 10. Rxd1 Be6 11. Bb5+ c6 12. Bd3 O-O 13. a4 Nbd7 14. Nxd7 Nxd7
15. Be3 b6 16. b3 Bf6 17. Bd2 c5 18. Nd5 Bxa1 19. Rxa1 Rab8 20. Bf4 Rbd8 21. Nc7
Nf6 22. Nxe6 fxe6 23. Bc7 Ra8 24. Bxb6 Rfc8 25. Bc4 Rc6 26. e5 Ne4 27. Bxe6+
Rxe6 28. f4 Rxb6 29. Re1 Nd2 30. Re3 Rf8 31. g3 Rd8 32. Rc3 c4 33. bxc4 Ne4 34.
Re3 Rb1+ 35. Kg2 Rd2+ 36. Kh3 Nf2+ 37. Kh4 Rh1 38. Kh5 Kh7 39. Rc3 Rxh2# 0-1

[Event "AUTO-ADV-4725"]
[Site "http://www.queenalice.com/game.php?id=1819203"]
[Date "2023.8.20"]
[Round "1"]
[White "quithero"]
[Black "a3035"]
[Result "1-0"]
[WhiteElo "1986"]
[BlackElo "1653"]

1. e4 e5 2. Nf3 Nc6 3. d4 d6 4. d5 Na5 5. b4 Nf6 6. Bg5 Be7 7. Bxf6 Bxf6 8. bxa5
a6 9. Be2 O-O 10. O-O c6 11. c4 h6 12. Qa4 c5 13. Nc3 Bd7 14. Qb3 Qc7 15. Qb6
Qb8 16. Rab1 Qa7 17. Qxb7 Bg4 18. Qb6 Qd7 19. Rfe1 Bd8 20. Qc6 Qxc6 21. dxc6
Bxa5 22. Rec1 Be6 23. Nd5 Rfe8 24. Nh4 Rac8 25. Rb7 Kh7 26. Nf5 Bxf5 27. exf5
Rxc6 28. f6 g6 29. Rcb1 Rcc8 30. Ra7 Ra8 31. Rbb7 Rab8 32. Rxf7+ Kg8 33. Rg7+
Kh8 34. Rh7+ Kg8 35. f7+ 1-0

[Event "AUTO-ADV-4725"]
[Site "http://www.queenalice.com/game.php?id=1819204"]
[Date "2023.8.20"]
[Round "1"]
[White "a3035"]
[Black "quithero"]
[Result "0-1"]
[WhiteElo "1655"]
[BlackElo "1936"]

1. e4 e5 2. Nc3 Bc5 3. Qf3 Nf6 4. d3 Nc6 5. Be3 Nd4 6. Qd1 O-O 7. Nf3 d6 8. Na4
Nxf3+ 9. Qxf3 Bxe3 10. Qe2 Bb6 11. O-O-O c5 12. g4 Bxg4 13. f3 Be6 14. Nxb6 Qxb6
15. Qg2 Bxa2 16. Rg1 g6 17. Be2 Nh5 18. Qf2 Nf4 19. Qf1 Nxe2+ 20. Qxe2 Be6 21.
c4 Qd8 22. h4 Qxh4 23. Kb1 Qf4 24. Qf2 f5 25. Rh1 Kg7 26. Rh4 Qg5 27. Rg1 Qf6
28. Rgh1 Rh8 29. Rc1 fxe4 30. dxe4 a6 31. Rd1 Bxc4 32. Qc2 Qxh4 33. Qxc4 b5 34.
Qd5 Rhd8 35. Qc6 Qe7 36. Qd5 c4 37. Qd2 a5 38. Kc2 b4 39. Qe2 Qc7 0-1

[Event "AUTO-ADV-4725"]
[Site "http://www.queenalice.com/game.php?id=1819221"]
[Date "2023.8.20"]
[Round "1"]
[White "a3035"]
[Black "silent1"]
[Result "0-1"]
[WhiteElo "1649"]
[BlackElo "1845"]

1. e4 e5 2. Nf3 Bc5 3. d4 exd4 4. Nxd4 Nf6 5. Bg5 Be7 6. Bd3 d6 7. O-O O-O 8.
Nc3 h6 9. Be3 Bd7 10. Nd5 Nxd5 11. exd5 Bf6 12. Qf3 Qc8 13. Qe4 g6 14. Bxh6 Re8
15. Qf4 Qd8 16. Bb5 Re5 17. c4 Rh5 18. Bxd7 Nxd7 19. Rad1 Be5 20. Qe3 Bxh2+ 0-1

[Event "AUTO-ADV-4725"]
[Site "http://www.queenalice.com/game.php?id=1819223"]
[Date "2023.8.20"]
[Round "1"]
[White "a3035"]
[Black "Capixabba789"]
[Result "0-1"]
[WhiteElo "1641"]
[BlackElo "1912"]

1. e4 e5 2. Nf3 d6 3. Nc3 Bg4 4. Be2 Nf6 5. Bc4 Be7 6. h3 Bh5 7. g4 Bg6 8. Nh4
Nc6 9. Nxg6 hxg6 10. f3 Nd4 11. d3 c6 12. Be3 c5 13. Bxd4 cxd4 14. Nb5 Qb6 15.
Qd2 a6 16. Na3 Qxb2 17. O-O Qxa3 18. Kg2 Bd8 19. g5 Nh5 20. h4 Nf4+ 21. Kh2 Bxg5
22. Bd5 Bxh4 23. Kg1 Qc5 24. Bxb7 Ra7 25. Rab1 O-O 26. Qh2 g5 27. Ra1 Rxb7 28.
a4 Rb2 29. Rfc1 Qb4 30. Kh1 Qc3 31. Rab1 Rfb8 32. Qg1 Nh3 33. Qh2 Rxb1 0-1

[Event "AUTO-ADV-4725"]
[Site "http://www.queenalice.com/game.php?id=1819224"]
[Date "2023.8.20"]
[Round "1"]
[White "Capixabba789"]
[Black "a3035"]
[Result "1-0"]
[WhiteElo "1915"]
[BlackElo "1655"]

1. e4 e5 2. f4 Nc6 3. Nf3 exf4 4. Bc4 Nh6 5. O-O Bd6 6. d4 Na5 7. Bd3 O-O 8. e5
Be7 9. Bxf4 d6 10. Nc3 Bg4 11. Qe1 d5 12. Bxh6 Bxf3 13. Rxf3 gxh6 14. Rh3 c6 15.
Rxh6 Kg7 16. Rxh7+ Kg8 17. Qg3+ Bg5 18. h4 f6 19. hxg5 f5 20. Qh4 b6 21. Rh8+
Kf7 22. Rh7+ Kg8 23. Rh8+ Kf7 24. g6+ 1-0

[Event "Let's Play Chess!"]
[Site "http://www.queenalice.com/game.php?id=1820681"]
[Date "2023.9.12"]
[Round "-"]
[White "igor12345"]
[Black "a3035"]
[Result "1-0"]
[WhiteElo "2012"]
[BlackElo "1641"]

1. e4 e5 2. f4 Nc6 3. Nf3 Bc5 4. Nc3 d6 5. Bb5 exf4 6. d4 Bb4 7. Bxf4 Ne7 8. Bg5
O-O 9. O-O Na5 10. a3 Bxc3 11. bxc3 Bd7 12. Bd3 f6 13. Bh4 Nec6 14. Bg3 a6 15.
c4 Bg4 16. c3 Ne7 17. Qa4 c6 18. Qb4 d5 19. exd5 cxd5 20. c5 g6 21. Bd6 Rb8 22.
Bxb8 Nec6 23. Qb2 Qxb8 24. h3 Bxf3 25. Rxf3 Nc4 26. Bxc4 dxc4 27. Qe2 Na5 28.
Qe6+ Kg7 29. Raf1 Qd8 30. Re3 Nc6 31. Qxc4 Ne7 32. Rfe1 Nf5 33. Re6 Qa5 34. Qb4
Qc7 35. d5 Qd7 36. c4 Rf7 37. c6 bxc6 38. dxc6 Qd8 39. c5 Ne7 40. Rd6 Qc7 41.
Qb6 Nf5 42. Qxc7 Rxc7 43. Rd7+ 1-0

[Event "Challenge"]
[Site "http://www.queenalice.com/game.php?id=1821425"]
[Date "2023.9.22"]
[Round "-"]
[White "Canaye14"]
[Black "a3035"]
[Result "1-0"]
[WhiteElo "1713"]
[BlackElo "1669"]

1. d4 e6 2. c4 Nf6 3. Nc3 Nc6 4. e4 Bb4 5. Bd3 Nxd4 6. Ne2 Nxe2 7. Qxe2 O-O 8.
O-O d5 9. Bg5 c6 10. a3 Bxc3 11. bxc3 h6 12. Bh4 dxe4 13. Bxe4 g5 14. Bg3 Nxe4
15. Qxe4 f5 16. Qd4 f4 17. Qe4 Qf6 18. Rad1 Qxc3 19. Qg6+ Kh8 20. Qxh6+ Kg8 21.
Qxg5+ Kh8 22. Bxf4 Kh7 23. Be5 Rg8 24. Qh5# 1-0

[Event "Challenge"]
[Site "http://www.queenalice.com/game.php?id=1821426"]
[Date "2023.9.22"]
[Round "-"]
[White "a3035"]
[Black "Canaye14"]
[Result "0-1"]
[WhiteElo "1650"]
[BlackElo "1813"]

1. e4 e6 2. Nf3 d5 3. Nc3 d4 4. Nb5 c5 5. Bd3 Nc6 6. O-O Nf6 7. e5 Nd7 8. Bc4
Nb6 9. Bd3 a6 10. Nd6+ Bxd6 11. exd6 Qxd6 12. Ng5 h6 13. Qh5 O-O 14. f4 Ne7 15.
Nh7 Rd8 16. Rf3 Nf5 17. c3 Nd7 18. Bxf5 exf5 19. Rg3 Kxh7 20. Qxf5+ Kg8 21. d3
Nf6 22. Qxc8 Raxc8 23. c4 Nh5 24. Rg4 Re8 25. Bd2 Re2 26. Be1 Rce8 27. Kf1 Rxb2
28. Kg1 Nxf4 0-1

[Event "Challenge"]
[Site "http://www.queenalice.com/game.php?id=1821427"]
[Date "2023.9.22"]
[Round "-"]
[White "a3035"]
[Black "Canaye14"]
[Result "1-0"]
[WhiteElo "1650"]
[BlackElo "1732"]

1. e4 e6 2. Nf3 d5 3. e5 c5 4. d3 Nc6 5. Nbd2 g6 6. Nb3 Qb6 7. c4 d4 8. Be2 Bg7
9. O-O Nxe5 10. Bf4 Nxf3+ 11. Bxf3 Ne7 12. Be4 O-O 13. Qd2 e5 14. Bh6 Bxh6 15.
Qxh6 Bf5 16. Nd2 Kh8 17. Nf3 Rg8 18. Nxe5 Qf6 19. Qf4 Qe6 20. Bxb7 Rab8 21. Bd5
Qf6 22. Nxf7+ Kg7 23. Qh6# 1-0

[Event "Challenge"]
[Site "http://www.queenalice.com/game.php?id=1825843"]
[Date "2023.11.24"]
[Round "-"]
[White "Renie"]
[Black "a3035"]
[Result "1-0"]
[WhiteElo "1435"]
[BlackElo "1565"]

1. c4 e5 2. Nc3 Nf6 3. d3 Bc5 4. a3 d5 5. b4 Bd4 6. Bb2 c6 7. Qc2 O-O 8. e3
Bxc3+ 9. Qxc3 Bf5 10. Qxe5 Qd7 11. Be2 Re8 12. Qg3 Qd6 13. Qxd6 Nbd7 14. Nf3
Rad8 15. Nd4 Bg6 16. Nf3 dxc4 17. dxc4 Be4 18. O-O Ne5 19. Bxe5 Rxd6 20. Bxd6 a6
21. Rad1 Bxf3 22. Bxf3 Rd8 23. Be7 1-0